000 00719nam a22002417a 4500
005 20170124110146.0
010 _aA-991606
020 _c00.00
_a8176480797
035 _aA-991606
037 _bCen Lib/Ret
040 _aDPL
_bEN
082 _a634.92
_bSHA
100 _aSharma, V.K.
_94126
245 _aProsperity through trees /
_cby V.K.Sharma [and] Y.D.Sharma
260 _bAPH Publishing Corporation
_aNew Delhi
_c1999
270 _a5, Ansari Road, Daryaganj
_bNew Delhi
_e110002
300 _aviii,315p.
_c20cm(Hb)
500 _aIncludes index
650 _aTrees -- Propagation
_933437
650 _aTrees
_933438
700 _aSharma, Y.D.
_933439
942 _2ddc
_cEN
_h634.92
_mSHA
999 _c132000
_d132000